000 00728cam a2200265 4500
008 000000n2001 000 0 eng u
020 _a0750649879
035 _a(Sirsi) u112558
050 _a526.902462
100 _aSchofield, W.
245 _aEngineering surveying: theory and examination problems for students.
250 _a5th ed.
260 _aOxford
_bButterworth Heinemann
_c2001
300 _a521p. ; 24cm.
350 _a27.50
520 _aSuperceded by sixth edition (ISBN: 139780750669498)
650 _aLAND SURVEYING
650 _aENGINEERING SURVEYING
650 _aGIS
650 _aGPS
650 _aGIS
650 _aSATELLITE AIDED SURVEYING
690 _aGEOMATICS
_96242
942 _n0
999 _c101446
_d101446